000 00500nam a2200205Ia 4500
008 210210b2010 xxu||||| |||| 00| 0 eng d
020 _a9788184121179
041 _aeng
082 _a658.05 RATC
100 _aRATHOR (Naveen)
245 _aComputer applications in management
260 _aNew Delhi
_bAsian Books Pvt. Ltd.
_c2010
300 _axii,259
650 _amanagement
650 _ain
650 _aComputer
650 _aapplications
690 _aManagement
906 _a064832
999 _c141812
_d141812